| 000 | 00679nam a2200181 a 4500 | ||
|---|---|---|---|
| 001 | 000034695 | ||
| 005 | 20200930073839.0 | ||
| 008 | 111019s19uu sp 000 0 spa d | ||
| 040 |
_aDO-SdBNP _bspa _cBNPHU |
||
| 082 |
_axxx _bP437c |
||
| 100 | 1 |
_aPereyra, Carlos _960134 |
|
| 245 | 1 | 3 |
_aLa constitución de los Estados Unidos : _bcomo instrumento de dominación plutocrática / _cCarlos Pereyra. |
| 260 |
_aMadrid : _bAmérica, _c[19--?]. |
||
| 300 |
_a333 p. ; _c19 cm. |
||
| 490 | 1 | _aBiblioteca de ciencias políticas y sociales | |
| 590 | _aPerteneció a la biblioteca personal de Juan Isidro Jimenes Grullón. | ||
| 830 | 0 |
_aBiblioteca de ciencias políticas y sociales _960135 |
|
| 999 |
_c34186 _d34186 |
||